30 jeux vidéo à compléter - 2016 - Statistiques

Statistiques générales
  • Ce quiz a été pris 77 fois
  • Le résultat moyen est 17 sur 30
Statistiques - réponses
Hint Réponse % Correct
... GO Pokémon
91%
... Royale Clash
82%
Ratchet & ... Clank
80%
Street ... V Fighter
80%
...watch Over
78%
Yo-... Watch Kai
75%
... 4: A Thief's End Uncharted
73%
No Man's ... Sky
71%
Pokémon ... Lune
67%
... Valley Stardew
65%
Over...! Cooked
64%
Tom Clancy's The ... Division
62%
Dark Souls ... III
58%
Far Cry ... Primal
58%
The Last ... Guardian
56%
... 2 Dishonored
55%
...hot
Super
55%
Darkest ... Dungeon
53%
Paper Mario: ... Splash Color
51%
...: Fall Flat Human
51%
Total War: ... Warhammer
51%
XCOM ... 2
47%
Don't Starve ... Together
45%
Dragon Quest ... Builders
42%
Deus Ex: ... Divided Mankind
42%
... Doom
38%
Enter the ... Gungeon
38%
Fire... Watch
36%
The ... Witness
36%
Hyper ... Drifter Light
35%
Aucun quiz correspondant
Distribution des résultats
% des personnes avec chaque résultat
Percentile par nombre de réponses
Votre historique - résultats
Vous n’avez pas pris ce quiz